Planeamiento estratégico de un sistema de aseguramiento de la calidad en la Oficina de Suministros de la Universidad de Costa Rica
Saved in:
| Main Author: | |
|---|---|
| Other Authors: | , , |
| Format: | Book |
| Published: |
San José, Costa Rica
2000
|
| Subjects: | |
| Tags: |
Add Tag
No Tags, Be the first to tag this record!
|
MARC
| LEADER | 00000nam a2200000Ia 4500 | ||
|---|---|---|---|
| 003 | 008487 | ||
| 005 | 20240806143031.0 | ||
| 008 | 140114s2000 cr a m 000 ||s d | ||
| 040 | |c cru CEDI | ||
| 090 | |a TFG 4135 | ||
| 100 | |a Marín González, Antonio |9 8048 | ||
| 245 | |a Planeamiento estratégico de un sistema de aseguramiento de la calidad en la Oficina de Suministros de la Universidad de Costa Rica | ||
| 260 | |a San José, Costa Rica |c 2000 | ||
| 300 | |a xx, 190 hojas | ||
| 500 | |a Tesis (licenciatura en ingeniería industrial)--Universidad de Costa Rica. Facultad de Ingeniería. Escuela de Ingeniería Industrial | ||
| 501 | |a Directora de Tesis de Graduación: Ing. Carolina Vásquez Soto | ||
| 610 | 0 | |a UNIVERSIDAD DE COSTA RICA. VICERRECTORIA DE ADMINISTRACION. OFICINA DE SUMINISTROS |9 3481 | |
| 650 | |x PLANIFICACION ESTRATEGICA |x SATISFACCION DEL CLIENTE |x CONTROL DE CALIDAD |x GESTION DE COMPRAS |9 8050 | ||
| 700 | |a Pacheco Segura, Ronny, 1976- |9 1804 | ||
| 700 | |a Saborío Dobles, Elvira, 194- |9 3480 | ||
| 700 | |a Vásquez Soto, Carolina, 1969- |d Directora del TFG |9 215 | ||
| 942 | |c TFG |h TFG 4135 |i 008487 |6 TFG_4135_008487000000000 | ||
| 999 | |c 18230 |d 18230 | ||
